|
|
|
|
| LEADER |
01028nam a2200301 4500 |
| 001 |
DLU180187311 |
| 005 |
##20180924 |
| 040 |
# |
# |
|a DLU
|b vie
|
| 041 |
# |
# |
|a vie
|
| 044 |
# |
# |
|a vn
|
| 100 |
# |
# |
|a Nguyễn Phước Tài,
|c ThS.
|
| 245 |
# |
# |
|a Hoạt động nghiên cứu khoa học nhiệm vụ quan trọng của trường Đại học Kiên Giang /
|c Nguyễn Phước Tài, Vũ Kiêm Điểm, Ngô Thị Thanh Vân.
|
| 653 |
# |
# |
|a Đại học Kiên Giang
|
| 653 |
# |
# |
|a Hoạt động khoa học
|
| 653 |
# |
# |
|a Khoa học công nghệ
|
| 653 |
# |
# |
|a Nghiên cứu khoa học
|
| 700 |
# |
# |
|a Ngô Thị Thanh Vân,
|c ThS.
|
| 700 |
# |
# |
|a Vũ Kim Điểm,
|c ThS.
|
| 773 |
# |
# |
|t Tạp chí dạy và học ngày nay
|g Số 10, 2016, tr. 73-74
|
| 920 |
# |
# |
|a Phòng Tạp chí -- Trung tâm Thông tin - Thư viện Trường Đại học Đà Lạt
|
| 994 |
# |
# |
|a DLU
|
| 900 |
# |
# |
|a True
|
| 911 |
# |
# |
|a Trần Thị Minh Hương
|
| 925 |
# |
# |
|a G
|
| 926 |
# |
# |
|a A
|
| 927 |
# |
# |
|a BB
|
| 980 |
# |
# |
|a Thư viện Trường Đại học Đà Lạt
|